| 000 | 01925nam a2200457 i 4500 | ||
|---|---|---|---|
| 001 | DIGIBE1478 | ||
| 003 | NyNyDIG | ||
| 007 | cr ||||||||||| | ||
| 008 | 241004s2024 sp ob 000 0 spa d | ||
| 006 | m o d | ||
| 035 | _a(OCoLC)1445484752 | ||
| 040 |
_aDGITA _beng _erda _epn _cDGITA |
||
| 020 |
_a9783968695969 _qeBook |
||
| 020 |
_z9788491924395 _qIberoamericana |
||
| 020 |
_z9783968695952 _qVervuert |
||
| 043 | _acl----- | ||
| 050 | 1 | 4 | _aPN56.H57 ebook |
| 100 | 1 |
_aIngenschay, Dieter, _eauthor. |
|
| 245 | 1 | 0 |
_a"Hablo por mi diferencia" : _barticulaciones del yo en las culturas homosexuales hispanoamericanas de los siglos XX y XXI / _cDieter Ingenschay. |
| 264 | 1 |
_aMadrid : _bIberoamericana ; _aFrankfurt am Main : _bVervuert, _c2024. |
|
| 300 | _a1 online resource. | ||
| 336 |
_atext _btxt _2rdacontent |
||
| 337 |
_acomputer _bc _2rdamedia |
||
| 338 |
_aonline resource _bcr _2rdacarrier |
||
| 347 |
_atext file _2rdaft |
||
| 347 | _bPDF | ||
| 490 | 1 |
_aNexos y diferencias. Estudios de la cultura de América Latina ; _v83 |
|
| 504 | _aIncludes bibliographical references. | ||
| 588 | 0 | _aOnline resource; title from PDF title page (Digitalia, viewed October 4, 2024) | |
| 650 | 0 | _aHomosexuality in literature. | |
| 650 | 0 |
_aHomosexuality _zLatin America. |
|
| 650 | 0 |
_aLatin American literature _y20th century _xHistory and criticism. |
|
| 650 | 0 |
_aLatin American literature _y21st century _xHistory and criticism. |
|
| 791 | 2 |
_aDigitalia (Firm), _edistributor. |
|
| 793 | 0 |
_gDigitalia eBook Collection: _aIberoamericana/Vervuert |
|
| 776 | 0 | 8 |
_iPrint version: _aIngenschay, Dieter. _tHablo por mi diferencia. _dMadrid : Iberoamericana ; Frankfurt am Main : Vervuert, [2024] _z9788491924395 |
| 830 | 0 |
_aColección Nexos y diferencias ; _vno. 83. |
|
| 856 | 4 | 0 |
_3Digitalia Hispánica _uhttps://www.digitaliapublishing.com/a/158413/ |
| 910 | _aPremium collection: 2024 | ||
| 942 | _cRAA | ||
| 999 |
_c287637 _d287637 |
||